| 000 | 00694nam a2200193Ia 4500 | ||
|---|---|---|---|
| 008 | 151121s9999||||xx |||||||||||||| ||und|| | ||
| 082 | _a551।48/धाराशि | ||
| 082 | _bHNW-113997 | ||
| 100 | _aधाराशिवकर मुकुंद | ||
| 245 | _aपाणी तुमचे आमचे | ||
| 260 | _b"मनोविकास प्रकाशन, मुंबई।" | ||
| 260 | _c2013 | ||
| 300 | _a204 | ||
| 600 | _aधाराशिवकर मुकुंद | ||
| 630 | _aपाणी तुमचे आमचे | ||
| 700 | _aधाराशिवकर मुकुंद | ||
| 730 | _aपाणी तुमचे आमचे | ||
| 942 | _cBOOK | ||
| 999 |
_c1263047 _d1263044 |
||